Bùi Hữu Ngĩa và Kim Thạch Kì Duyên

Sparad:
Bibliografiska uppgifter
Huvudupphovsman: Bùi, Hữu Nghĩa
Materialtyp: Bok
Språk:Undetermined
Publicerad: Hà Nội Văn Học 1993
Ämnen:
Taggar: Lägg till en tagg
Inga taggar, Lägg till första taggen!
Thư viện lưu trữ: Trung tâm Học liệu Trường Đại học Cần Thơ
LEADER 00559nam a2200193Ia 4500
001 CTU_40182
008 210402s9999 xx 000 0 und d
082 |a 895.9221 
082 |b Ngh301 
100 |a Bùi, Hữu Nghĩa 
245 0 |a Bùi Hữu Ngĩa và Kim Thạch Kì Duyên 
245 0 |c Bùi Hữu Nghĩa 
260 |a Hà Nội 
260 |b Văn Học 
260 |c 1993 
650 |a Vietnamese literature 
650 |y 19th century 
904 |i Q. Hiếu (sửa) 
980 |a Trung tâm Học liệu Trường Đại học Cần Thơ